| 000 | 01357nam a22002657a 4500 | ||
|---|---|---|---|
| 005 | 20170124103207.0 | ||
| 010 | _aB-156458 | ||
| 020 |
_c55.00 _a812374367 |
||
| 035 | _aB-156458 | ||
| 037 | _bCen Lib/Ret | ||
| 040 |
_aDPL _bHN |
||
| 082 |
_a954.11 _bचक्रव |
||
| 100 |
_aचक्रवती, एल.एन _994338 |
||
| 245 |
_aअरुणाचल का आदिकालीन इतिहास : _cएल.एन. चक्रवर्ती ; अनुवादक सच्चिदानंद चतुर्वेदी _bएक झलक / |
||
| 246 |
_aArunachal ka adikalin itihas : ek jhalak / _bby L.N. Chakrvarti ; anuvadak Sachchidanand Chaturvedi |
||
| 260 |
_aनयी दिल्ली _bनेशनल बुक ट्रस्ट _c2006 |
||
| 270 |
_bनयी दिल्ली _aए-5, ग्रीन अप्रक _e110016 |
||
| 300 |
_a172पृ. _c20सेमी(अजिल्द ) |
||
| 650 |
_aअरुणाचल -- इतिहास _x _z _994339 |
||
| 650 |
_aआदिकालीन इतिहास -- अरुणाचल _994340 |
||
| 650 |
_aArunachal - History _994341 |
||
| 650 |
_aAboriginal history - Arunachal _994342 |
||
| 700 |
_aचतुर्वेदी, सच्चिदानंद _99493 |
||
| 942 |
_2ddc _cHN _h954.11 _mचक्रव |
||
| 999 |
_c121073 _d121073 |
||